Counties of Washington - Statistics

General Stats
  • This quiz has been taken 31 times
  • The average score is 19 of 39
Answers on the Grid
Answers color-coded by a green-red scale on the quiz's grid according to % correct below.
Adams
Bainbridge
Poulsbo
Centralia
Port Orchard
Makah
Asotin
Astor
Bay
Benton
Cascadia
Chelan
Clallam
Clark
Columbia
Coulee
Cowlitz
Douglas
Ephrata
Ferry
Franklin
Garfield
Grant
Grays Harbor
Hermiston
Island
Jefferson
King
Kintkentum
Kitsap
Kittitas
Klickitat
Laredo
Lewis
Lincoln
Mason
Mattawa
Merle
Okanogan
Olympic
Pacific
Padaguac
Pend Oreille
Pierce
Pinchot
Pinnacle
Quinault
Renton
San Juan
Seattle
Skagit
Skamania
Snohomish
Spokane
Stevens
Tacoma
Thurston
Umatilla
Vancouver
Wahkiakum
Walla Walla
Whatcom
Whitman
Wingardium
Yakima
 
Answer Stats
Answer % Correct
San Juan
100%
Adams
67%
Chelan
67%
Cowlitz
67%
Douglas
67%
Franklin
67%
Grant
67%
King
67%
Klickitat
67%
Lewis
67%
Okanogan
67%
Pacific
67%
Pierce
67%
Skagit
67%
Snohomish
67%
Stevens
67%
Thurston
67%
Asotin
33%
Benton
33%
Clallam
33%
Clark
33%
Columbia
33%
Ferry
33%
Garfield
33%
Grays Harbor
33%
Island
33%
Jefferson
33%
Kitsap
33%
Kittitas
33%
Lincoln
33%
Mason
33%
Pend Oreille
33%
Skamania
33%
Spokane
33%
Wahkiakum
33%
Walla Walla
33%
Whatcom
33%
Whitman
33%
Yakima
33%
No matching quizzes found
Score Distribution
Percent of People with Each Score
Percentile by Number Answered
Your Score History
You have not taken this quiz